Katiba ya Jamhuri ya Muungano wa Tanzania ya mwaka 1977
Guardado en:
| Formato: | Libro |
|---|---|
| Publicado: |
Dar es Salaam :
Mchapaji mkuu wa Serikali.;
c 2005.
|
| Materias: | |
| Etiquetas: |
Agregar Etiqueta
Sin Etiquetas, Sea el primero en etiquetar este registro!
|
MARC
| LEADER | 00000cam a2200000 a 4500 | ||
|---|---|---|---|
| 005 | 20251201080718.0 | ||
| 020 | |a NA |c TZS.2,300/= | ||
| 040 | |a MCCL |b eng. |e AACR2nd rev.ed. | ||
| 082 | 0 | 0 | |a 342.678 TAN |
| 245 | 0 | 0 | |a Katiba ya Jamhuri ya Muungano wa Tanzania ya mwaka 1977 |
| 260 | |a Dar es Salaam : |b Mchapaji mkuu wa Serikali.; |c c 2005. | ||
| 300 | |a 127 p. : |c 25 cm. | ||
| 650 | 0 | |a Katiba |z Tanzania. | |
| 650 | 0 | |a Haki na wajibu |z Tanzania. | |
| 650 | 0 | |a Bunge la Jamhuri ya Muungano | |
| 942 | |c BK | ||
| 999 | |c 11836 |d 11836 | ||